[Event "GCT Superbet Romania 2021"]
[Site "Bucharest"]
[Date "2021.06.05"]
[Round "1.2"]
[White "Mamedyarov, Shakhriyar"]
[Black "So, Wesley"]
[Result "1/2-1/2"]
[WhiteElo "2770"]
[BlackElo "2770"]
[Annotator "TA"]
[PlyCount "92"]
[EventDate "2021.06.05"]
[EventType "tourn"]
[EventCountry "ROU"]
[SourceTitle "playchess.com"]
[Source "ChessBase"]
[SourceQuality "1"]

{[%evp 15,92,22,22,35,38,23,46,49,45,16,25,26,36,16,29,23,20,20,23,22,34,37,48,
29,50,0,0,0,0,0,0,0,0,0,0,-13,-12,-12,-12,-16,-3,-5,-6,-4,-2,-7,-8,-9,-6,-7,-4,
-10,-1,-1,-1,-1,-1,-1,-1,-1,0,-1,-1,-1,-1,-1,-1,-1,-1,-1,-1,-1,0,-1,0,-1,0,-1,
0]} 1. d4 d5 2. Nf3 Nf6 3. c4 dxc4 4. e3 e6 5. Bxc4 a6 6. O-O c5 7. dxc5 Bxc5
8. Qxd8+ Kxd8 9. Be2 {D27: Queen's Gambit Accepted: Classical main line: 7
e4!? and 7 a4.} Ke7 10. Rd1 Nbd7 11. Nd4 {[#] White is slightly better.} Ne5
$146 ({Predecessor:} 11... Nb6 12. Nb3 Bd6 13. Na5 Rd8 14. Bd2 Rb8 15. Be1 Bd7
16. Bf3 Nbd5 17. Nc3 Rdc8 18. Nxd5+ Nxd5 19. Bxd5 exd5 20. Rxd5 {1/2-1/2 (29)
Valak,A (2339)-Volodarsky,Y (2301) GER email 2014}) 12. b3 Bd7 13. Bb2 (13. Nd2
{is interesting.} Rac8 14. Bb2 Bd6 15. h3 Rhd8 16. Rac1) 13... Nc6 14. Nxc6+
Bxc6 15. Rc1 Bb4 16. Na3 {[%cal Bb1a3,Ba3c4,Bc4a5][%mdl 32]} Nd7 17. Nc4 Bd5
18. a3 (18. Bxg7 Rhg8 $15) 18... Bc5 19. b4 (19. Bxg7 $2 Rhg8 $19) 19... Ba7
20. Na5 ({Don't go for} 20. Bxg7 $2 Rhg8 $19) 20... Rhc8 {The position is
equal.} 21. Bd3 ({Not} 21. Bxg7 $2 Rg8 $17) 21... f5 22. Bc4 ({Avoid the trap} 
22. Bxg7 $2 Rg8 $19) 22... Bxc4 23. Nxc4 b5 24. Na5 g6 25. Kf1 Bb6 26. Nb3 e5
27. Ke2 Rxc1 (27... Kf7 {seems wilder.} 28. f3 Rab8 29. e4 Ke6 30. exf5+ gxf5
31. g3 Kf7) 28. Rxc1 Ra7 29. e4 Rc7 30. Rxc7 Bxc7 $11 {[%mdl 4096] Endgame
KBN-KBN} 31. f3 Ke6 32. Bc1 f4 33. g3 g5 34. g4 Bb6 35. h3 Kd6 36. Kd3 Bf2 37.
Ke2 Bb6 38. Kd3 Bg1 39. Bb2 Nb6 40. Na5 Na4 41. Ba1 Bb6 42. Nb3 Be3 43. Bc3 Bb6
44. Ba1 Be3 45. Bc3 Bb6 46. Ba1 Be3 {Weighted Error Value: White=0.03/Black=0.
02} 1/2-1/2

[Event "GCT Superbet Romania 2021"]
[Site "Bucharest"]
[Date "2021.06.05"]
[Round "1.3"]
[White "Grischuk, Alexander"]
[Black "Vachier-Lagrave, Maxime"]
[Result "1/2-1/2"]
[WhiteElo "2776"]
[BlackElo "2760"]
[Annotator "TA"]
[PlyCount "80"]
[EventDate "2021.06.05"]
[EventType "tourn"]
[EventCountry "ROU"]
[SourceTitle "playchess.com"]
[Source "ChessBase"]
[SourceQuality "1"]

{[%evp 23,80,0,31,28,21,27,27,3,3,4,4,10,6,0,16,16,17,16,16,16,16,16,16,16,16,
10,8,10,8,8,12,8,8,8,8,0,18,0,0,0,0,0,0,0,0,0,0,0,0,0,0,0,3,0,0,0,0,0,0]} 1. d4
Nf6 2. c4 g6 3. Nc3 d5 4. cxd5 Nxd5 5. e4 Nxc3 6. bxc3 Bg7 7. Nf3 c5 8. Rb1 O-O
9. Be2 cxd4 10. cxd4 Qa5+ 11. Bd2 Qxa2 12. O-O Bg4 13. Rxb7 {13.Be3 is setting
a new trend. D85: Exchange Grünfeld: Unusual White 7th moves and lines with 7
Nf3.} Bxf3 14. Bxf3 {[#] e5 is the strong threat.} Bxd4 15. e5 {aiming for Rb5.
White has an edge.} Na6 {The position is equal.} 16. Rxe7 Rad8 17. e6 fxe6 {
And now ...Bc5 would win.} 18. Qe1 Bf6 19. Rxa7 {Threatens to win with Ba5.}
Rxd2 {[#]} 20. Rxa6 Qxa6 21. Qxd2 Qb6 22. g3 Bd4 {[#]} 23. Qe2 $146 ({
Predecessor:} 23. Kg2 Rxf3 24. Kxf3 Qb7+ 25. Ke2 Qe4+ 26. Kd1 Qb1+ 27. Ke2 Qe4+
28. Kd1 Qb1+ 29. Ke2 Qe4+ {1/2-1/2 (29) So,W (2770)-Vachier Lagrave,M (2784)
chess24.com INT 2020}) 23... Rf6 24. Kg2 Qb2 25. Qxb2 Bxb2 $11 {[%mdl 4096]
Endgame KRB-KRB} 26. Rd1 Kg7 27. Rd8 Rf8 28. Rd6 Kf6 29. h4 Re8 30. Be2 Be5 31.
Rc6 Rd8 32. f4 Bd6 33. Bg4 e5 34. fxe5+ Kxe5 35. Rc8 (35. Be2 {is more complex.
} Rf8 36. Bc4 Rb8 37. Bf7 Rf8 38. Bc4) 35... Rxc8 36. Bxc8 Kf6 37. g4 g5 38.
hxg5+ Kxg5 39. Kf3 h5 40. gxh5 Kxh5 {Not much happened in this game.  Weighted
Error Value: White=0.02/Black=0.03} 1/2-1/2

[Event "GCT Superbet Romania 2021"]
[Site "Bucharest"]
[Date "2021.06.05"]
[Round "1.4"]
[White "Lupulescu, Constantin"]
[Black "Aronian, Levon"]
[Result "1/2-1/2"]
[WhiteElo "2656"]
[BlackElo "2781"]
[Annotator "TA"]
[PlyCount "57"]
[EventDate "2021.06.05"]
[EventType "tourn"]
[EventCountry "ROU"]
[SourceTitle "playchess.com"]
[Source "ChessBase"]
[SourceQuality "1"]

{[%evp 26,57,22,12,18,31,28,27,24,25,33,4,5,0,0,0,0,-6,0,0,0,0,0,0,0,0,0,0,0,0,
0,0,0,0]} 1. d4 Nf6 2. c4 e6 3. Nc3 Bb4 4. Qc2 c5 5. dxc5 O-O 6. Nf3 Na6 {
[%cal Bb8a6,Ba6c5,Bc5e4][%mdl 32]} 7. g3 Nxc5 8. Bg2 Nce4 9. O-O Nxc3 10. bxc3
Be7 11. e4 d6 12. e5 dxe5 13. Nxe5 Qc7 14. Qe2 Nd7 {E39: Nimzo-Indian:
Classical: 4...c5 5 dxc5 0-0.} 15. Bf4 {And now Ng6! would win.} Nxe5 16. Bxe5
Bd6 {White has an edge.} 17. Bxd6 Qxd6 18. Qe3 Qc7 {The position is equal.} 19.
Rfb1 {[#]} Qxc4 $146 ({Predecessor:} 19... h6 20. a4 Qxc4 21. a5 a6 22. Rd1 Qc7
23. Qb6 Qxc3 24. Rac1 Qa3 25. f4 e5 26. fxe5 {0-1 (43) Colon Garcia,E (2329)
-Cuadras Avellana,J (2300) Barcelona 2017}) 20. Bxb7 (20. Qe5 {looks sharper.}
f6 21. Qa5 Rf7 22. Rd1 Rd7 23. Rab1) 20... Bxb7 21. Rxb7 h6 22. Rxa7 Rxa7 23.
Qxa7 Qxc3 $11 {[%mdl 4096] Endgame KQR-KQR} 24. Rb1 Qc2 25. Rb8 Qd1+ 26. Kg2
Qd5+ 27. Kg1 Qd1+ 28. Kg2 Qd5+ 29. Kg1 {A rather calm draw.  Weighted Error
Value: White=0.03/Black=0.01} 1/2-1/2

[Event "GCT Superbet Romania 2021"]
[Site "Bucharest"]
[Date "2021.06.05"]
[Round "1.5"]
[White "Deac, Bogdan-Daniel"]
[Black "Giri, Anish"]
[Result "1/2-1/2"]
[WhiteElo "2627"]
[BlackElo "2780"]
[Annotator "TA"]
[PlyCount "94"]
[EventDate "2021.06.05"]
[EventType "tourn"]
[EventCountry "ROU"]
[SourceTitle "playchess.com"]
[Source "ChessBase"]
[SourceQuality "1"]

{[%evp 17,94,0,16,0,0,0,0,0,0,-43,0,-5,0,-28,-13,-14,0,0,-14,-33,27,16,24,25,
24,16,32,27,28,18,52,49,52,38,47,38,106,83,63,63,212,34,33,42,29,31,21,27,43,
49,28,25,45,9,52,50,65,63,65,56,42,0,10,0,0,0,0,0,0,0,0,0,0,0,0,0,0,0,0]} 1. d4
d5 2. c4 c6 3. Nc3 Nf6 4. Nf3 e6 5. Bg5 h6 6. Bh4 dxc4 7. e4 g5 8. Bg3 b5 9.
Be2 Bb7 10. Qc2 {D43: Semi-Slav: 5 Bg5 h6.} Nh5 11. Rd1 Nxg3 12. hxg3 Na6 13.
a3 {[#]} Bg7 $146 ({Predecessor:} 13... Qe7 14. d5 Bg7 15. d6 Qd8 16. Nd4 Nc5
17. f4 Qb6 18. e5 O-O-O 19. a4 a6 {0-1 (26) Mokeev,V (1235)-Huerga,A (1787)
LSS email 2012}) 14. e5 Qe7 15. Ne4 O-O-O 16. Nd6+ Rxd6 17. exd6 Qxd6 18. O-O
g4 (18... Nc7 $15) 19. Ne5 $1 $11 {[%cal Re5f7]} Bxe5 20. dxe5 Qxe5 21. Bxg4 h5
{[#]} 22. Rfe1 $1 Qf6 23. Bf3 $36 {[%mdl 2048] Strongly threatening b3. White
has the initiative.} h4 24. b3 cxb3 25. Qxb3 {Black must now prevent g4.} hxg3
26. fxg3 Qg7 ({Much worse is} 26... Qh6 $6 27. Qc3 $18) ({Better is} 26... Qg5
$14) 27. Qd3 {Qd7+ is the strong threat.} Nc7 28. Qd6 c5 {[#]} (28... Rg8 $14)
29. Qd7+ $2 (29. Re5 $1 $18 {[%cal Re5c5]} Qxg3 30. Rxc5 (30. Rh5 Qxd6 31.
Rxh8+ Kd7 $18) 30... Qxd6 31. Rxd6) 29... Kb8 $14 {And now ...Bxf3 would win.}
30. Bxb7 Kxb7 {[#]} ({Wrong is} 30... Qxg3 $2 31. Bf3 $18) 31. Rxe6 $1 {
[%mdl 64] Hoping for Re7! Pin} Qxg3 32. Qc6+ Kb8 {[#]} 33. Qd6 Qxd6 34. Rexd6 {
[%mdl 4096] Endgame KRR-KRN} Kb7 35. Rf6 Rh7 36. Rd7 b4 37. axb4 cxb4 38. Kf2
a5 39. Ke2 (39. Rf5 $5 {[%cal Rf5c5]} Kc6 40. Rd8 $16) 39... Rg7 {The position
is equal.} 40. Rfxf7 Rxg2+ 41. Kd1 Rg1+ 42. Kc2 Rg2+ 43. Kb1 Rg1+ 44. Kb2 Rg2+
45. Kb1 Rg1+ 46. Kb2 Rg2+ 47. Kb1 Rg1+ {Weighted Error Value: White=0.14/
Black=0.20} 1/2-1/2

[Event "GCT Superbet Romania 2021"]
[Site "Bucharest"]
[Date "2021.06.06"]
[Round "2.1"]
[White "Caruana, Fabiano"]
[Black "Lupulescu, Constantin"]
[Result "1-0"]
[WhiteElo "2820"]
[BlackElo "2656"]
[Annotator "TA"]
[PlyCount "55"]
[EventDate "2021.06.05"]
[EventType "tourn"]
[EventCountry "ROU"]
[SourceTitle "playchess.com"]
[Source "ChessBase"]
[SourceQuality "1"]

{[%evp 12,55,14,19,19,19,11,13,19,21,18,27,12,14,27,40,34,36,13,24,26,20,29,32,
57,64,59,64,37,54,114,125,141,155,180,162,166,148,217,189,272,268,393,356,400,
291]} 1. e4 e6 2. d4 d5 3. Nc3 Nf6 4. Bg5 dxe4 5. Nxe4 Nbd7 6. Nf3 h6 7. Bxf6
Nxf6 {C13: French: Classical System: 4 Bg5 Be7, Alekhine-Chatard Attack.} 8.
Bd3 Nxe4 9. Bxe4 c5 {The position is equal.} 10. Qe2 Qa5+ 11. c3 cxd4 12. Nxd4
Be7 13. O-O-O {[#]} O-O $146 ({Predecessor:} 13... Qxa2 14. Qb5+ Bd7 15. Qxb7
Rc8 16. g3 Qa1+ 17. Kc2 Qa4+ 18. Kb1 Rd8 19. Nxe6 fxe6 20. Rd4 Qa5 21. Bg6+ Kf8
22. Rxd7 {1-0 (22) Beerdsen,T (2495)-Pijpers,A (2480) Wijk aan Zee 2020}) 14.
Kb1 Rd8 15. Bc2 Bd7 16. Qe4 {[#] White wants to mate with Qh7+.} g6 $1 17. h4 {
h5 is the strong threat.} Ba4 18. Bxa4 Qxa4 19. h5 g5 20. Qxb7 Bc5 ({Better is
} 20... Bf6 $14) 21. Qc6 $36 {[%mdl 2048] White is really pushing.} Qxc6 22.
Nxc6 Rxd1+ 23. Rxd1 Bxf2 {KRB-KRN} 24. Rd7 f6 (24... a6 $16) 25. Nd8 Bb6 (25...
g4 {is a better defense.} 26. c4 (26. Nxe6 Re8 $16) 26... Bb6 27. Nxe6 Re8) 26.
Nf7 $18 ({Less strong is} 26. Nxe6 Re8 $16) 26... Rf8 (26... f5 {was worth a
try.} 27. Nxh6+ Kh8) 27. Nxh6+ Kh8 28. Kc2 {Weighted Error Value: White=0.02/
Black=0.20} 1-0

[Event "GCT Superbet Romania 2021"]
[Site "Bucharest"]
[Date "2021.06.06"]
[Round "2.2"]
[White "So, Wesley"]
[Black "Aronian, Levon"]
[Result "1/2-1/2"]
[WhiteElo "2770"]
[BlackElo "2781"]
[Annotator "TA"]
[PlyCount "60"]
[EventDate "2021.06.05"]
[EventType "tourn"]
[EventCountry "ROU"]
[SourceTitle "playchess.com"]
[Source "ChessBase"]
[SourceQuality "1"]

{[%evp 12,60,13,18,17,23,12,13,18,6,25,13,19,11,11,19,19,19,19,21,19,23,20,16,
16,23,11,7,10,0,9,0,0,0,0,-17,0,0,0,0,0,0,0,0,0,0,0,0,0,0,0]} 1. d4 Nf6 2. c4
e6 3. Nf3 d5 4. Nc3 Bb4 5. Qa4+ Nc6 6. e3 O-O 7. Bd2 dxc4 {D38: Queen's Gambit
Declined: Ragozin Defence (4 Nf3 Bb4).} 8. Bxc4 Bd6 9. Qc2 {9.Qc2 scores
better than 9.Nb5.} e5 10. dxe5 Nxe5 11. Nxe5 Bxe5 12. O-O-O Qe7 13. Kb1 Be6
14. Bxe6 Qxe6 15. f3 Rad8 16. e4 {[#]} Rd7 $146 ({Predecessor:} 16... Rd6 17.
Be3 Ra6 18. Qb3 Bxc3 19. Qxe6 fxe6 20. bxc3 Rc6 21. Kb2 e5 22. Kb3 b6 {0-1 (34)
Wang,Y (2718)-Xu,Y (2386) China 2016}) 17. Bc1 Rfd8 18. Rxd7 Qxd7 19. Ne2 {
The position is equal.} c6 20. Be3 Bc7 21. Rc1 Bb6 22. Bg5 Qe6 23. Qb3 (23. Ng3
{looks sharper.} Rd7 24. Bf4 g6 25. Rd1 Rxd1+ 26. Qxd1 Nd7 27. Ne2) 23... h6
24. Qxe6 fxe6 25. Bf4 Nh5 26. Be5 Rd2 27. Rc2 Rd1+ 28. Rc1 Rd2 29. Rc2 Rd1+ 30.
Rc1 Rd2 {Not much happened in this game.  Weighted Error Value: White=0.02/
Black=0.02} 1/2-1/2

[Event "GCT Superbet Romania 2021"]
[Site "Bucharest"]
[Date "2021.06.06"]
[Round "2.3"]
[White "Giri, Anish"]
[Black "Radjabov, Teimour"]
[Result "1/2-1/2"]
[WhiteElo "2780"]
[BlackElo "2765"]
[Annotator "TA"]
[PlyCount "59"]
[EventDate "2021.06.05"]
[EventType "tourn"]
[EventCountry "ROU"]
[SourceTitle "playchess.com"]
[Source "ChessBase"]
[SourceQuality "1"]

{[%evp 18,59,21,18,20,-15,0,-20,0,0,-8,-8,-8,-6,-12,-11,0,0,0,0,0,0,0,0,0,-7,0,
-8,0,0,0,-8,0,-8,-7,-8,0,0,0,-2,0,0,0,-1]} 1. d4 Nf6 2. c4 e6 3. Nf3 d5 4. g3
Be7 5. Bg2 O-O 6. O-O dxc4 7. Qc2 a6 8. a4 Bd7 9. Qxc4 Bc6 10. Bf4 {The
position is equal.} Bd6 {E05: Open Catalan: 5 Nf3 Be7.} 11. Nc3 Nbd7 {[%cal
Bb8d7,Bd7b6,Bb6d5][%mdl 32]} 12. Rfd1 Bxf4 13. gxf4 {[#]} Nb6 $146 ({
Predecessor:} 13... Nd5 14. Nxd5 Bxd5 15. Qc2 Nf6 16. Ra3 Qd6 17. Ne5 Bxg2 18.
Kxg2 Nd5 19. Rf3 f6 {1/2-1/2 (57) Slipak,S (2440)-Hernandez Carmenates,H (2564)
Montevideo 2011}) 14. Qd3 a5 15. Ne5 Bxg2 16. Kxg2 Nbd5 17. Qf3 c6 18. e3 Qe7
19. h3 Nd7 (19... Rad8 {with more complications.} 20. Rac1 Nd7 21. Nxd7 Rxd7
22. Ne4 Rdd8) 20. Nxd7 Qxd7 21. Ne4 Qe7 22. Kh2 b6 23. Rac1 Rac8 24. Rc4 Rc7
25. Rdc1 Rfc8 26. b3 Qa3 27. Qd1 Qe7 28. Qf3 Qa3 29. Qd1 Qe7 30. Qf3 {Not much
happened in this game.  Weighted Error Value: White=0.04/Black=0.03} 1/2-1/2

[Event "GCT Superbet Romania 2021"]
[Site "Bucharest"]
[Date "2021.06.06"]
[Round "2.4"]
[White "Mamedyarov, Shakhriyar"]
[Black "Grischuk, Alexander"]
[Result "1/2-1/2"]
[WhiteElo "2770"]
[BlackElo "2776"]
[Annotator "TA"]
[PlyCount "61"]
[EventDate "2021.06.05"]
[EventType "tourn"]
[EventCountry "ROU"]
[SourceTitle "playchess.com"]
[Source "ChessBase"]
[SourceQuality "1"]

{[%evp 18,61,0,0,0,0,0,0,4,0,0,0,10,20,21,9,12,14,14,18,6,8,14,0,10,13,28,20,
24,0,0,0,0,0,0,0,0,0,0,0,0,0,0,0,0,0]} 1. c4 c5 2. Nf3 Nf6 3. Nc3 Nc6 4. d4
cxd4 5. Nxd4 e6 6. e4 Bb4 7. Nxc6 bxc6 8. Bd3 e5 9. O-O O-O 10. Be3 {10.Qe2 is
the modern continuation.} Bxc3 {B44: Sicilian: Taimanov: 5 Nb5.} 11. bxc3 d6
12. c5 d5 13. exd5 Nxd5 {[#]} 14. Re1 $146 ({Predecessor:} 14. Bd2 f5 15. c4
Nf6 16. Bc3 Qe7 17. Qa4 Bd7 18. Rad1 e4 19. Bc2 e3 20. Bxf6 exf2+ 21. Rxf2 Rxf6
{0-1 (39) Gower,S (1915)-Wadsworth,M (2160) Coventry 2015}) 14... Nxe3 15. Rxe3
Qd5 16. Bc2 Qxc5 17. Qh5 {[%csl Gc2][%cal Rh5h7] [#]} g6 18. Qxe5 Qxe5 19. Rxe5
a5 20. Rc5 Be6 21. a4 Rfc8 22. Be4 Bd5 23. Bxd5 cxd5 {The position is equal.}
24. Rxd5 Rxc3 $11 {[%mdl 4096] Endgame KRR-KRR} 25. g3 Rc4 26. Kg2 Kg7 27. Kg1
Kg8 28. Kg2 Kg7 29. Kg1 Kg8 30. Kg2 Kg7 31. Kg1 {A rather calm draw.  Weighted
Error Value: White=0.03/Black=0.03} 1/2-1/2

[Event "GCT Superbet Romania 2021"]
[Site "Bucharest"]
[Date "2021.06.06"]
[Round "2.5"]
[White "Vachier-Lagrave, Maxime"]
[Black "Deac, Bogdan-Daniel"]
[Result "0-1"]
[WhiteElo "2760"]
[BlackElo "2627"]
[Annotator "TA"]
[PlyCount "88"]
[EventDate "2021.06.05"]
[EventType "tourn"]
[EventCountry "ROU"]
[SourceTitle "playchess.com"]
[Source "ChessBase"]
[SourceQuality "1"]

{[%evp 23,88,9,29,0,4,9,12,0,0,-3,0,6,24,0,0,1,18,0,73,67,70,64,72,0,0,0,63,74,
62,76,77,72,59,63,62,54,66,-82,-83,-89,-89,-89,-89,-90,-83,-100,-84,-100,-97,
-103,-108,-168,-166,-166,-170,-170,-166,-218,-183,-232,-233,-304,-264,-316,
-309,-325,-316]} 1. e4 e5 2. Nf3 Nc6 3. Bb5 a6 4. Ba4 Nf6 5. O-O Nxe4 6. d4 b5
7. Bb3 d5 8. dxe5 Be6 9. Nbd2 Be7 10. c3 O-O 11. Bc2 f5 12. exf6 Nxf6 13. a4 {
13.Re1 is the modern continuation. C83: Open Ruy Lopez: 9 c3 Be7.} b4 14. Re1
Bg4 {[#]} 15. Nf1 $146 {The position is equal.} ({Predecessor:} 15. h3 Bh5 16.
Bf5 Bd6 17. Qc2 Re8 18. g4 Rxe1+ 19. Nxe1 Qe8 20. Ndf3 Bg6 21. Bxg6 hxg6 {
1/2-1/2 (52) Firouzja,A (2749)-Fedoseev,V (2676) Chess.com INT 2020}) 15... Bc5
16. Be3 d4 17. cxd4 Nxd4 18. Bxd4 Bxf3 19. Qxf3 Qxd4 20. Rad1 Qxb2 (20... Qg4
$11 {remains equal.}) 21. Re2 $16 Qc3 22. Rd3 {[%cal Rd3c3][%mdl 1024] White
has compensation.} Qa1 23. Rd1 Qc3 24. Rd3 {[%cal Rd3c3]} Qa1 25. g4 $1 b3 26.
Bxb3+ Kh8 27. g5 {[#] Threatens to win with Rd1.} Ng8 28. Qd5 Bd6 29. Rh3 g6
30. Qd3 {[#]} (30. Re6 $14 Ne7 31. Qd3) 30... Rf5 $1 $17 {[%cal Rf5g5]} 31.
Qc3+ Qxc3 32. Rxc3 Rxg5+ 33. Ng3 Nf6 34. Kf1 Rb8 35. h3 Re5 36. Bc4 Rc5 37.
Rcc2 (37. Rb3 $17 Rxb3 38. Bxb3) 37... Ra5 $19 38. Ne4 Nxe4 39. Rxe4 Rxa4 40.
h4 (40. Ra2 {was worth a try.} Rxa2 41. Bxa2) 40... Kg7 41. h5 gxh5 42. Re1
Rbb4 {Black has a decisive advantage.} 43. Be2 Rh4 {...Rh1+ is the strong
threat.} 44. Bf3 a5 {Weighted Error Value: White=0.24/Black=0.07} 0-1

[Event "GCT Superbet Romania 2021"]
[Site "Bucharest"]
[Date "2021.06.07"]
[Round "3.1"]
[White "Aronian, Levon"]
[Black "Caruana, Fabiano"]
[Result "1/2-1/2"]
[WhiteElo "2781"]
[BlackElo "2820"]
[Annotator "TA"]
[PlyCount "68"]
[EventDate "2021.06.05"]
[EventType "tourn"]
[EventCountry "ROU"]
[SourceTitle "playchess.com"]
[Source "ChessBase"]
[SourceQuality "1"]

{[%evp 11,68,32,29,24,13,12,41,37,45,40,49,35,40,50,28,31,47,6,20,0,16,22,31,
31,29,13,61,61,79,69,67,60,69,95,77,60,60,27,27,22,31,8,7,6,7,8,6,4,4,4,5,4,8,
0,8,0,8,0,16]} 1. d4 d5 2. c4 dxc4 3. e3 Nf6 4. Bxc4 e6 5. Nf3 c5 6. O-O Nc6 7.
Nc3 {D26: Queen's Gambit Accepted: 4 e3 e6 5 Bxc5 c5 sidelines.} a6 8. Ne5 {
8.d5 is a critical line.} Qc7 9. Nxc6 {White is slightly better.} Qxc6 10. d5
exd5 11. Nxd5 b5 12. Nxf6+ Qxf6 13. Bd5 {[#]} Rb8 $146 ({Predecessor:} 13...
Ra7 14. e4 Be7 15. Be3 O-O 16. b4 Rc7 17. bxc5 Bxc5 18. Rc1 Bb6 19. Qd2 h6 20.
Bxb6 Qxb6 21. Rxc7 Qxc7 {1/2-1/2 (35) Euwe,M-Landau,S Amsterdam 1934}) 14. e4
Be7 $1 15. a4 O-O 16. axb5 Rxb5 17. Ra3 Rb6 18. Rf3 Qe5 19. Bd2 Rg6 20. Bc3 Qc7
21. Rg3 Bb7 22. Rxg6 hxg6 23. Bxb7 Qxb7 24. Qg4 c4 25. e5 Bb4 26. Bxb4 (26.
Qxc4 {feels hotter.} Bxc3 27. Qxc3 Rc8 28. Qd4 Rb8 29. Rc1) 26... Qxb4 $14 {
[%mdl 4096] Endgame KQR-KQR. The position is equal.} 27. e6 Qxb2 28. Qxc4 Qf6
29. Qxa6 Qxe6 30. Qxe6 fxe6 $11 {KR-KR} 31. Kh1 Kh8 32. Kg1 Kg8 33. Kh1 Kh8 34.
Kg1 Kg8 {Weighted Error Value: White=0.07/Black=0.05} 1/2-1/2

[Event "GCT Superbet Romania 2021"]
[Site "Bucharest"]
[Date "2021.06.07"]
[Round "3.2"]
[White "Deac, Bogdan-Daniel"]
[Black "Mamedyarov, Shakhriyar"]
[Result "1/2-1/2"]
[WhiteElo "2627"]
[BlackElo "2770"]
[Annotator "TA"]
[PlyCount "97"]
[EventDate "2021.06.05"]
[EventType "tourn"]
[EventCountry "ROU"]
[SourceTitle "playchess.com"]
[Source "ChessBase"]
[SourceQuality "1"]

{[%evp 17,97,27,26,26,30,23,22,21,31,27,33,27,26,17,15,15,18,18,20,19,22,12,24,
26,26,10,7,10,19,0,20,18,12,18,22,17,17,16,18,7,15,4,19,12,10,10,11,8,11,8,8,8,
9,4,7,9,9,0,6,0,3,0,6,0,0,0,0,0,6,0,0,0,0,0,0,0,0,0,0,0,0,-193]} 1. d4 Nf6 2.
c4 e6 3. Nf3 d5 4. g3 dxc4 5. Bg2 Nc6 6. Qa4 Bb4+ 7. Bd2 Nd5 8. Bxb4 Ndxb4 9.
O-O Rb8 10. Na3 {E04: Open Catalan: 5 Nf3.} O-O {10...0-0 scores better than
10...a6.} 11. Qb5 b6 12. Qxc4 Ba6 13. Nb5 Qe8 14. Rfc1 Nd5 {[#] Strongly
threatening ...Na5.} 15. e4 Na5 16. Nxc7 {[#]} Nxc4 $146 ({Predecessor:} 16...
Bxc4 17. Nxe8 Rfxe8 18. exd5 Bxd5 19. Rc7 Rb7 20. Rac1 Rxc7 21. Rxc7 Nc6 22.
Ne5 Nxe5 23. Bxd5 exd5 24. dxe5 {1/2-1/2 (34) Giri,A (2776)-So,W (2760)
Kolkata 2019}) 17. Nxe8 Rfxe8 18. exd5 exd5 19. b3 Nd6 20. Ne5 Bb7 $1 21. Nc6
Bxc6 {The position is equal.} 22. Rxc6 Nb5 23. Bxd5 Re7 24. Bc4 Nxd4 25. Rd6
Nf3+ 26. Kg2 Ne1+ 27. Kf1 Nf3 28. h3 g5 (28... Kf8 {feels hotter.} 29. Ba6 g6
30. h4 Rc7 31. Kg2 Ne5) 29. Rad1 Ne5 30. R6d5 (30. Ba6 {keeps more tension.}
Rbe8 31. R6d5 f6 32. Bb5 Rc8 33. f4) 30... h6 31. Ba6 Kg7 32. Kg2 Rbe8 33. a4
Rc7 34. a5 Re6 35. Re1 Kf6 36. axb6 axb6 37. Re4 Rc3 38. Rb5 Nd7 39. Rxe6+ Kxe6
$11 {[%mdl 4096] Endgame KRB-KRN} 40. Rb4 Kd6 41. Bc4 f6 42. Rb5 Ke7 43. f4
Rc2+ 44. Kf3 Rc3+ 45. Kg2 Rc2+ 46. Kf3 Rc3+ 47. Kg2 Rc2+ 48. Kf3 Rc3+ 49. Ke4
$2 {Weighted Error Value: White=0.03/Black=0.02} (49. Kg4 $11 {and White has
nothing to worry.}) 1/2-1/2

[Event "GCT Superbet Romania 2021"]
[Site "Bucharest"]
[Date "2021.06.07"]
[Round "3.3"]
[White "Grischuk, Alexander"]
[Black "So, Wesley"]
[Result "1/2-1/2"]
[WhiteElo "2776"]
[BlackElo "2770"]
[Annotator "TA"]
[PlyCount "46"]
[EventDate "2021.06.05"]
[EventType "tourn"]
[EventCountry "ROU"]
[SourceTitle "playchess.com"]
[Source "ChessBase"]
[SourceQuality "1"]

{[%evp 24,46,0,0,0,0,0,0,0,0,0,0,0,0,0,0,0,0,0,0,0,-1,0,0,0]} 1. e4 e5 2. Nf3
Nc6 3. Bb5 Nf6 4. O-O Nxe4 5. d4 Nd6 6. Bxc6 dxc6 7. dxe5 Nf5 8. Qxd8+ Kxd8 9.
h3 Be7 10. Rd1+ Ke8 11. g4 Nh4 12. Nxh4 Bxh4 13. Nc3 {The position is equal.}
h5 {C67: Ruy Lopez: Berlin Defence: 4 0-0 Nxe4.} 14. g5 f6 $1 ({Of course not} 
14... Bxh3 $6 15. Rd4 $16) 15. exf6 gxf6 16. Ne4 fxg5 17. Bxg5 Bxg5 18. Nxg5
Ke7 {[#]} 19. Re1+ $146 ({Predecessor:} 19. h4 Bf5 20. Rd2 Rad8 21. Re1+ Kf6 {
1/2-1/2 (21) Koronowski,H (2094)-Ondras,M ICCF email 2013}) 19... Kf6 20. Ne4+
Kf7 21. Ng5+ Kf6 22. Ne4+ Kf7 23. Ng5+ Kf6 {A rather calm draw.  Weighted
Error Value: White=0.00/Black=0.00} 1/2-1/2